[Event "Bhubaneswar KIIT Cup blind"]
[Site "Bhubaneswar"]
[Date "2013.01.25"]
[Round "1"]
[White "Sankar, Chakraborty"]
[Black "Kishan, Gangolli"]
[Result "0-1"]
[WhiteElo "1614"]
[BlackElo "2028"]
[PlyCount "82"]
[EventDate "2013.01.25"]
[EventType "tourn"]
[EventRounds "13"]
[EventCountry "IND"]
[SourceTitle "EXT 2015"]
[Source "ChessBase"]
[SourceDate "2014.11.20"]
[SourceVersion "1"]
[SourceVersionDate "2014.11.20"]
[SourceQuality "1"]

1. e4 e6 2. d4 d5 3. exd5 exd5 4. Nf3 Bd6 5. Nc3 Ne7 6. Bg5 f6 7. Be3 Bg4 8. h3 Bh5 9. Be2 Nbc6 10. a3 Qd7 11. Qd2 0-0-0 12. 0-0-0 Bf7 13. Bd3 Kb8 14. Rhe1 Nc8 15. Bf4 Na5 16. Bxd6 Nxd6 17. b3 b6 18. Na4 Nac4 19. Qc3 Nxa3 20. Re2 Nab5 21. Qd2 Bg6 22. Rde1 Rhe8 23. Rxe8 Rxe8 24. Rxe8+ Qxe8 25. Bxg6 Qxg6 26. Ne1 Qe4 27. Nf3 Nf5 28. c3 Qe7 29. Ne1 Nfd6 30. f3 Nf5 31. Nc2 Ng3 32. Kd1 f5 33. Nb4 Qd6 34. Nb2 a5 35. N4d3 Qa3 36. Qc2 Qa1+ 37. Nc1 Nf1 38. Na4 Ne3+ 39. Kd2 Nxc2 40. Kxc2 Na3+ 41. Kd2 Qb1 0-1